| 000 | 00888nam a2200253Ia 4500 | ||
|---|---|---|---|
| 003 | GCL | ||
| 008 | 140319s9999 xx 000 0 ara d | ||
| 020 | _a1644509953 | ||
| 040 |
_aGCL / _cGCL |
||
| 082 | 0 | 4 |
_a320.5 _bى أ |
| 100 | 1 | _aياسين الحافظ | |
| 245 | 1 | 0 |
_aالاعمال الكاملة لياسين الحافظ / _cياسين الحافظ |
| 250 | _aالاولى | ||
| 260 |
_aبيروت : _bمركز دراسات الوحدة العربية ، _c2005 |
||
| 300 |
_a1275 ص ؛ _c24 سم |
||
| 650 | 0 | 4 | _aالاحوال السياسية |
| 650 | 0 | 4 | _aالحركات القومية |
| 650 | 0 | 4 | _aالناصرية |
| 650 | 0 | 4 | _aالقومية العربية - سوريا |
| 650 | 0 | 4 | _aالناصرية - العلاقات السياسية |
| 650 | 0 | 4 | _aياسين الحافظ |
| 650 | 0 | 4 | _aالسياسيون السوريون - تراجم |
| 942 |
_2ddc _cBK |
||
| 999 |
_c7557 _d7557 |
||